Globalizačné procesy a ich dosahy na zmeny obsahu ekonomického vzdelávania

Prebiehajúce globalizačné procesy, znalostná spoločnosť a znalostná ekonomika sú veľkými výzvami tohto storočia. I keď diskusie o ich obsahu a naplnení pokračujú, je nutné pripraviť a uskutočniť zmeny i na nižších, praktických úrovniach života spoločnosti. Kľúčovými sa javia zmeny vo vzdelávacích sy...

Descrizione completa

Salvato in:
Dettagli Bibliografici
Autore principale: Oreský, Milan, 1956-
Natura: Capitolo di libro
Lingua:slovacco
Soggetti:
Tags: Aggiungi Tag
Nessun Tag, puoi essere il primo ad aggiungerne!!

MARC

LEADER 00000nla$a2200000$$$4500
001 0068916
005 20240502083204.2
041 0 |a slo 
044 |a CZ 
245 1 0 |a Globalizačné procesy a ich dosahy na zmeny obsahu ekonomického vzdelávania  |c Milan Oreský 
520 |a Prebiehajúce globalizačné procesy, znalostná spoločnosť a znalostná ekonomika sú veľkými výzvami tohto storočia. I keď diskusie o ich obsahu a naplnení pokračujú, je nutné pripraviť a uskutočniť zmeny i na nižších, praktických úrovniach života spoločnosti. Kľúčovými sa javia zmeny vo vzdelávacích systémoch. Formuje sa nové rozdelenie pracovníkov - znalostní pracovníci, znalostní technológovia. Znalostná ekonomika a dosach na vzdelávacie systémy. Prípravu vzdelávacích programov je nutné orientovať na nové, objavujúce sa profesie. 
610 2 0 |a globalizácia 
610 2 0 |a vzdelávanie 
610 2 0 |a univerzity 
610 2 0 |a ekonómia 
610 2 0 |a spoločnosť vedomostná 
610 2 0 |a ekonomika vedomostná 
610 2 0 |a vedomosti 
610 2 0 |a pracovníci 
100 1 |a Oreský, Milan, 1956-